000 00622cam a2200169 4500500
005 20260329015415.0
041 _afre
042 _adc
100 1 0 _aMalacria, Max
_eauthor
700 1 0 _aGoddard, Jean-Philippe
_eauthor
700 1 0 _aOllivier, Cyril
_eauthor
245 0 0 _aChimie et développement durable. Vers une chimie organique écocompatible
260 _c2026.
500 _a2
786 0 _nChemical risk prevention manager | - | 2026-03-11 | p. 2-2
856 4 1 _uhttps://stm.cairn.info/green-chemistry-principles-regulations-and-assessment-tools--bdti42490210-k1200-page-2?lang=en&redirect-ssocas=7080
999 _c1897615
_d1897614